00360nam a2200085Ia 4500008004100000245009600041260000900137300010100146650002700247180130s9999 xx 000 0 und d cSuehiro, Akira; Yabushita, Natenapha WailerdsakaThailand: post-developmentalist capitalism c2014 aBook title: The Oxford handbook of Asian business systems--Acession number C19643; pages 260-282 aBUSINESS SYSTEMS--ASIA